Brevísima relación de la historia de la novela hispanoamericana / (Record no. 178181)

MARC details
000 -LEADER
campo de control de longitud fija 00996nam a2200253 4500
001 - NÚMERO DE CONTROL
campo de control 178181
003 - IDENTIFICADOR DE NÚMERO DE CONTROL
campo de control ES-MaACL
005 - FECHA Y HORA DE LA ÚLTIMA TRANSACCIÓN
campo de control 20230905121034.0
008 - DATOS DE LONGITUD FIJA--INFORMACIÓN GENERAL
campo de control de longitud fija 110520s2009 sp |||| | spa d
020 ## - NÚMERO INTERNACIONAL ESTÁNDAR DEL LIBRO
Número Internacional Estándar del Libro 978-84-9742-955-9
080 ## - NÚMERO DE LA CLASIFICACIÓN DECIMAL UNIVERSAL
Número de la Clasificación Decimal Universal 821.134.2(7/8)-31.09
100 1# - ENTRADA PRINCIPAL--NOMBRE DE PERSONA
Nombre de persona Goic, Cedomil.
9 (RLIN) 57605
245 10 - MENCIÓN DEL TÍTULO
Título Brevísima relación de la historia de la novela hispanoamericana /
Mención de responsabilidad, etc. Cedomil Goic.
260 ## - PUBLICACIÓN, DISTRIBUCIÓN, ETC.
Lugar de publicación, distribución, etc. Madrid :
Nombre del editor, distribuidor, etc. Biblioteca Nueva,
Fecha de publicación, distribución, etc. [2009]
300 ## - DESCRIPCIÓN FÍSICA
Extensión 109 p. ;
Dimensiones 21 cm.
490 1# - MENCIÓN DE SERIE
Mención de serie Repertorio americano ;
Designación de volumen o secuencia 1
505 8# - NOTA DE CONTENIDO CON FORMATO
Nota de contenido con formato Contiene: ;
Título Novela renacentista y barroca ;
-- Novela moderna ;
-- Novela contemporánea ;
-- Infrarrealismo. Novela actual (1980-2008)
650 #7 - PUNTO DE ACCESO ADICIONAL DE MATERIA--TÉRMINO DE MATERIA
Término de materia o nombre geográfico como elemento de entrada Novela hispanoamericana-
Subdivisión general Historia y crítica.
9 (RLIN) 15620
830 0# - PUNTO DE ACCESO ADICIONAL DE SERIE-TÍTULO UNIFORME
Título uniforme Repertorio americano ;
Designación de volumen o secuencia 1
9 (RLIN) 190809
852 ## - LOCALIZACIÓN
Ubicación ES-MaACL
itemnumber 185040
Sublocalización o colección R.145543
Número de control de estantería A-11224
Ubicación en estantería Depósito 1
Signatura antigua Olim: N-4228
Encuadernación Donación: Editorial
942 ## - ELEMENTOS DE ENTRADA SECUNDARIOS (KOHA)
Fuente del sistema de clasificación o colocación Clasificación decimal universal
Tipo de ítem Koha Libro impreso
Holdings
Estatus retirado Estado de pérdida Fuente del sistema de clasificación o colocación Estado de daño No para préstamo Biblioteca de origen Biblioteca actual Ubicación en estantería Fecha de adquisición Fuente de adquisición Total de préstamos Signatura topográfica completa Código de barras Visto por última vez Precio de reemplazo Tipo de ítem Koha
    Clasificación decimal universal     Biblioteca del Ateneo de Madrid Biblioteca del Ateneo de Madrid Depósito 1 20/05/2011 Donación   A-11224 1187175 23/02/2023 23/02/2023 Libro impreso